La vida hace historia : (Record no. 196163)
[ view plain ]
| 000 -LEADER | |
|---|---|
| campo de control de longitud fija | 02145nam a2200325 i 4500 |
| 001 - NÚMERO DE CONTROL | |
| campo de control | 196163 |
| 003 - IDENTIFICADOR DE NÚMERO DE CONTROL | |
| campo de control | ES-MaACL |
| 005 - FECHA Y HORA DE LA ÚLTIMA TRANSACCIÓN | |
| campo de control | 20250708182617.0 |
| 008 - DATOS DE LONGITUD FIJA--INFORMACIÓN GENERAL | |
| campo de control de longitud fija | 240816s2022 sp | |||| 000 spa |
| 015 ## - NÚMERO DE BIBLIOGRAFÍA NACIONAL | |
| Número de bibliografía nacional | MON23 |
| 017 ## - NÚMERO DE COPYRIGHT O DE DEPÓSITO LEGAL | |
| Número de copyright o de depósito legal | MA 1738-2022 |
| Agencia que asigna | Oficina Depósito Legal Málaga |
| 020 ## - NÚMERO INTERNACIONAL ESTÁNDAR DEL LIBRO | |
| Número Internacional Estándar del Libro | 9788412634440 |
| 035 ## - NÚMERO DE CONTROL DEL SISTEMA | |
| Número de control de sistema | (SpMaBN)a7367765 |
| 035 ## - NÚMERO DE CONTROL DEL SISTEMA | |
| Número de control de sistema | 991052288399708606 |
| 040 ## - FUENTE DE CATALOGACIÓN | |
| Centro catalogador/agencia de origen | SpMaBN |
| Lengua de catalogación | spa |
| Centro/agencia transcriptor | SpMaBN |
| Normas de descripción | rda |
| 100 ## - ENTRADA PRINCIPAL--NOMBRE DE PERSONA | |
| Nombre de persona | Olivero Palomeque, José |
| Término indicativo de función/relación | Autor |
| 9 (RLIN) | 240195 |
| 245 ## - MENCIÓN DEL TÍTULO | |
| Título | La vida hace historia : |
| Resto del título | Dónde estamos, hacia dónde vamos / |
| Mención de responsabilidad, etc. | José Olivero Palomeque |
| 260 ## - PUBLICACIÓN, DISTRIBUCIÓN, ETC. | |
| Lugar de publicación, distribución, etc. | España : |
| Nombre del editor, distribuidor, etc. | Ediciones Algorfa, |
| Fecha de publicación, distribución, etc. | 2022. |
| 300 ## - DESCRIPCIÓN FÍSICA | |
| Extensión | 283 pág. : |
| Dimensiones | 23 cm. |
| 336 ## - TIPO DE CONTENIDO | |
| Término de tipo de contenido | Texto |
| Fuente | rdacontent |
| 337 ## - TIPO DE MEDIO | |
| Nombre/término del tipo de medio | sin mediación |
| Fuente | rdamedia |
| 338 ## - TIPO DE SOPORTE | |
| Nombre/término del tipo de soporte | volumen |
| Fuente | rdacarrier |
| 520 ## - RESUMEN, ETC. | |
| Sumario, etc. | A todo ese torrente de podredumbre, se une el avance de ideologías negativistas, xenófobas o dictatoriales, marca- das por los fundamentalismos políticos, religiosos y eco- nómicos, que hunden a esta humanidad en un pozo cada vez más negro. Es cierto que se amenaza de manera continuada con la utilización de armas nucleares en las guerras actuales, lo que conduciría a un verdadero apocalipsis. Las noticias no paran de informar de muertes y más muertes violentas en muchos lugares del mundo. Pero también hay lugar para la esperanza en el esfuerzo de quienes aportan otro tipo de alternativas buscando la paz y el acercamiento que reduzca las desigualdades en este mundo globalizado; porque, a pesar de esta presión arte- rial tan confusa, entiendo que hay que seguir alimentan- do esa esperanza por otro mundo, aquel que todos deseamos, trabajando día a día por lograrlo ¿Dónde pues se puede apoyar ese espíritu de esperanza? |
| 852 ## - LOCALIZACIÓN | |
| Ubicación | ES-MaACL |
| Ubicación en estantería | Depósito J |
| Número de control de estantería | N-9231 |
| Donativo/Legado | Donación: José Olivero Palomeque |
| Encuadernación | Encuadernación rústica con solapas |
| itemnumber | 205193 |
| 903 ## - NOMBRE PERSONAL DE DONANTE | |
| a | Olivero Palomeque, José |
| e | Donante |
| 942 ## - ELEMENTOS DE ENTRADA SECUNDARIOS (KOHA) | |
| Tipo de ítem Koha | Libro impreso |
| Suprimir en OPAC | No |
| Estatus retirado | Estado de pérdida | Fuente del sistema de clasificación o colocación | Estado de daño | No para préstamo | Biblioteca de origen | Biblioteca actual | Ubicación en estantería | Fecha de adquisición | Fuente de adquisición | Total de préstamos | Signatura topográfica completa | Código de barras | Visto por última vez | Precio de reemplazo | Tipo de ítem Koha |
|---|---|---|---|---|---|---|---|---|---|---|---|---|---|---|---|
| Clasificación decimal universal | Biblioteca del Ateneo de Madrid | Biblioteca del Ateneo de Madrid | Depósito J | 05/05/2025 | Donación | N-9231 | 101229968 | 05/05/2025 | 05/05/2025 | Libro impreso |
